The Saxon Poet's life of Charles the Great /

Bibliographic Details
Main Author: Poeta Saxo, active 9th century
Other Authors: McKinney, Mary Emma, 1887-
Format: Book
Language:English
Latin
Published: New York : Pageant Press, [1956]
Edition:[1st ed.].
Subjects:

MARC

Tag First Indicator Second Indicator Subfields
LEADER 00000cam a2200000 4500
001 in00000303813
005 20151010100018.0
008 770607s1956 nyu 00000beng d
010 |a  56013127  
035 |a (OCoLC)03021587 
035 |9 ABH1127AM 
040 |a DLC  |c AKU  |d TXA  |d UtOrBLW 
041 1 |a eng  |a lat 
049 |a TXAM  |c [276452] 
050 0 0 |a DC73.6  |b .P613 
082 0 |a 923.14 
100 0 |a Poeta Saxo,  |d active 9th century. 
245 1 4 |a The Saxon Poet's life of Charles the Great /  |c Translated by Mary E. McKinney. 
250 |a [1st ed.]. 
264 1 |a New York :  |b Pageant Press,  |c [1956] 
300 |a vii, 118 pages ;  |c 21 cm. 
336 |a text  |b txt  |2 rdacontent 
337 |a unmediated  |b n  |2 rdamedia 
338 |a volume  |b nc  |2 rdacarrier 
500 |a Translation based on P. Jaffe's text of the Annales de gestis Caroli Magni imperatoris in the Bibliotheca rerum Germanicarum. 
600 0 0 |a Charlemagne,  |c Emperor,  |d 742-814. 
700 1 |a McKinney, Mary Emma,  |d 1887- 
999 |a MARS 
999 f f |s 00235a6f-bca3-3937-91a6-808093b95cad  |i 9710f608-14f3-3b0e-a084-76b17627b048  |t 0 
952 f f |p ric  |a Texas A&M University  |b Rellis Campus  |c Joint Library Facility  |d Remote Storage  |t 0  |e DC73.6 .P613  |h Library of Congress classification  |i unmediated -- volume  |m A14801955996 
998 f f |a DC73.6 .P613  |t 0  |l Remote Storage